Normale Ansicht MARC-Ansicht ISBD

Geschichtswissenschaft im 20. Jahrhundert : (Titelsatznr. 49976)

[ MARC ]
MARC-Details
000 -Satzkennung
Kontrollfeld mit fester Länge 00786nam a22002291c 4500
001 - Kontrollnummer
Kontrollfeld 528369229
008 - Feld mit fester Länge zur physischen Beschreibung - Allgemeine Angaben
Kontrollfeld mit fester Länge 081112s1993 gw |||| 000u ger d
020 ## - Internationale Standardbuchnummer
Internationale Standardbuchnummer 3525335873
Verknüpfung 3-525-33587-3
041 ## - Sprachcode
Sprachcode des Textes/der Tonspur oder des separaten Titels ger
040 ## - Katalogisierungsquelle
Übertragungsstelle RU-10907106
003 - Kontrollnummer Identifier
Kontrollfeld RU-10907106
100 1# - Haupteintragung - Personenname
Personenname Iggers, Georg G.
Koha-Normdatenidentnummer 14235
245 00 - Titel
Titel Geschichtswissenschaft im 20. Jahrhundert :
Zusatz zum Titel ein kritischer Überblick im internationalen Zusammenhang /
Verfasserangabe etc. Georg G. Iggers
250 ## - Ausgabebezeichnung
Ausgabebezeichnung Neuausg.
264 ## - Produktion, Veröffentlichung, Distribution, Herstellung und Urheberrechtsvermerk
Herstellungs-, Veröffentlichungs- Vertriebs-, Erzeugungsort Göttingen :
Produzent, Herausgeber, Distributor, Hersteller Vandenhoeck & Ruprecht,
Datum der Herstellung, der Veröffentlichung, des Vertriebs oder des Urheberschutzvermerks 1993
300 ## - Physische Beschreibung
Umfang 130 S.
490 #0 - Gesamttitelangabe
Gesamttitelangabe Kleine Vandenhoeck-Reihe
Bandnummer/Folgebezeichnung 1565
530 ## - Fußnote zu anderen erhältlichen Formen
Fußnote zu anderen erhältlichen Formen Auch als Online-Ressource frei zugänglich
650 #0 - Nebeneintragung unter einem Schlagwort - Sachschlagwort
Sachschlagwort oder geografischer Name als Eintragungselement Geschichtswissenschaft
856 4# - Elektronische Adresse und Zugriff
URL <a href="http://nbn-resolving.de/urn/resolver.pl?urn=urn:nbn:de:bvb:12-bsb00052968-7">http://nbn-resolving.de/urn/resolver.pl?urn=urn:nbn:de:bvb:12-bsb00052968-7</a>
942 ## - Zusätzliche Felder (Koha)
Koha-Medientyp Monographien
Exemplare
Ausgeschieden Verloren Klassifikation oder Aufstellungssystematik Beschädigt Nicht entleihbar Heimatbibliothek Aufenthaltsbibliothek Aufstellungsort Erwerbungsdatum Inventarnummer Signatur Barcode Letzte Aktivität Preis gültig von Koha-Medientyp
    Andere/Generische Klassifikation     MWN Osteuropa MWN Osteuropa Lesesaal 12/11/2008 20-01702 G 40 aW Igg (D) E00401080A9308A0 23/02/2021 22/03/2021 Monographien